00780nam a2200253 a 450000100060000000300080000600500170001400800410003102000160007203500140008804000320010204100080013408200260014210000190016824500840018726000310027130000350030250000530033750400390039065000150042965000210044471000290046583000320049470096BD-RjUL20211209081949.0170416s1986 nyua b 001 0 eng  a0471874485  a(BD-RjUL) aDLCcDLCdDLCdBD-RjULbeng aeng00223a541.393bFEL 19861 aFehlner, F. P.10aLow-temperature oxidation :bthe role of vitreous oxides /cFrancis P. Fehlner. aNew York :bWiley,cc1986. axxiv, 257 p. :bill. ;c24 cm. a"Sponsored by the Electrochemical Society, Inc." aIncludes bibliographies and index. 0aOxidation. 0aMetallic oxides.2 aElectrochemical Society. aCorrosion monograph series,